000 00785nam a22002177a 4500
005 20170420122120.0
010 _aENG-117894
020 _c1225.00
_a9791470437312
035 _aEN-101426
037 _bDBAD/PUB
082 _a516.35
100 _aMaclagan,Diane
245 _aIntroduction to tropical geometry /
_cby Diane Maclagan [and] Bernd Sturmfels
260 _aNew Delhi
_bAmerican Mathematical Society
_c2017
270 _aDistributed by Universties Press,3-6-747/1/A3-6-754/1Himayat Nagar
_bHydreabad (Telangana)
_e500029
300 _axii,363p. :
_c24cm(pbk)
_bill
490 _aGraduate Studies in Mathematics ; Volume 161
500 _aIncludes bibliographical references and index
700 _aSturmfels,Bernd
942 _2ddc
_cEN
_h516.35
_mMAC
999 _c139118
_d139118